00609nam a2200157Ia 4500008004100000082001500041100003600056245005400092260005300146365000600199630005400205730005400259942000900313999001900322952011000341100415s9999 xx 000 0 und d b19422a500 aIndian National Science Academy aProceeding Of The Indian National Science Academy aNEW DELHIc1974bIndian National Science Academy b0 aProceeding Of The Indian National Science Academy aProceeding Of The Indian National Science Academy cBOOK c602319d602316 00104070aBNHSbBNHSd2001-02-05g0.00l0o500 19422pBNHS-19422r2010-04-15 00:00:00w2010-04-15yBOOK